000 00971 a2200289 4500
003 CBULib
005 20250612085416.0
008 241031b |||||||| |||| 00| 0 eng d
020 _a9781437707984
040 _bEnglish
_cCBULib
_erda
050 _aSF 748 For
100 _aFord, Richard B.
245 _aKirk and Bristner's handbook of veterinary procedures and emergency treatment
_c/ Richard B. Ford
250 _aNinth edition.
260 _bElsevier,
_c2012
_aSt. Louis :
300 _axii, 767 pages : illustrations
336 _2rdacontent
_aText |
_btxt
337 _2rdamedia
_aUnmediated |
_bn
338 _2rdacarrier
_aVolume
_bnc
500 _aIncludes charts and an index
650 0 _93837
_aELECTRONIC BOOK
650 0 _93892
_aEMERGENCIES VETERINARY
650 0 _93893
_aFIRST AID FOR ANIMALS
650 0 _93895
_aFIRST AID FOR ANIMALS HANDBOOKS, MANUALS ETC
650 0 _93894
_aFIRST AID FOR ANIMALS HANDBOOK, MANUALS ETC
942 _2lcc
_c002
999 _c85751
_d85751